Football - Ils sont passés par Manchester United et City - Statistiques

Statistiques générales
  • Ce quiz a été pris 195 fois
  • Le résultat moyen est 6 sur 12
Answers on the Grid
Answers color-coded by a green-red scale on the quiz's grid according to % correct below.
Peter Barnes
Michaël Owen
Cristiano Ronaldo
Andy Cole
Eric Cantona
Owen Hargreaves
David Beckham
Terry Cooke
Jadon Sancho
Erling Haaland
Peter Schmeichel
Anderson
Bryan Kidd
Wayne Rooney
Sammy McIlroy
Denis Law
Ruud van Nistelrooy
Carlos Tevez
Bruno Miguel Borges Fernandes
Manuel Ugarte
Billy Meredith
Patrick Dorgu
Andreï Kanchelskis
Amad Diallo
 
Statistiques - réponses
Réponse % Correct
Carlos Tevez
82%
Jadon Sancho
60%
Peter Schmeichel
50%
Owen Hargreaves
48%
Sammy McIlroy
48%
Peter Barnes
44%
Bryan Kidd
43%
Andy Cole
39%
Billy Meredith
38%
Denis Law
38%
Terry Cooke
38%
Andreï Kanchelskis
36%
Aucun quiz correspondant
Distribution des résultats
% des personnes avec chaque résultat
Percentile par nombre de réponses
Votre historique - résultats
Vous n’avez pas pris ce quiz